[Event "SR 3. liga A2 2013/2014"]
[Site "?"]
[Date "2013.12.15"]
[Round "5.2"]
[White "Skapik, Branislav"]
[Black "Szabo, Julius"]
[Result "1-0"]
[WhiteElo "1841"]
[BlackElo "1688"]
[PlyCount "83"]
[EventDate "2013.??.??"]

1. Nf3 Nf6 2. g3 d6 3. d4 g6 4. Bg2 Bg7 5. O-O O-O 6. c4 c6 7. Nc3 Bg4 8. h3
Bc8 9. Qc2 Re8 10. Rd1 Qc7 11. e4 e5 12. d5 a5 13. Be3 Na6 14. a3 Bd7 15. Rac1
Rac8 16. Qd2 c5 17. Ne1 Qb6 18. Qc2 Rb8 19. Rb1 Rec8 20. Nd3 Ne8 21. b4 axb4
22. axb4 Qd8 23. b5 Nac7 24. Ra1 f5 25. Ra3 Ra8 26. Rda1 Rxa3 27. Rxa3 Ra8 28.
Qb3 Rxa3 29. Qxa3 Qa8 30. Qxa8 Nxa8 31. Na4 fxe4 32. Bxe4 Bxh3 33. b6 Bd7 34.
Naxc5 dxc5 35. Bxc5 Bf5 36. Bxf5 gxf5 37. Be3 Bf6 38. c5 e4 39. c6 Nd6 40. Nf4
Nc8 41. cxb7 Naxb6 42. b8=Q 1-0

[Event "SR 3. liga A2 2013/2014"]
[Site "?"]
[Date "2013.12.15"]
[Round "5.3"]
[White "Doucha, Ludvik"]
[Black "Sekera, Branislav"]
[Result "0-1"]
[WhiteElo "2039"]
[BlackElo "2171"]
[PlyCount "96"]
[EventDate "2013.??.??"]

1. e4 Nc6 2. Nc3 Nf6 3. Nf3 d5 4. e5 Ne4 5. Ne2 Bg4 6. d3 Bxf3 7. gxf3 Nxe5 8.
Nd4 Nf6 9. f4 Nc6 10. Nxc6 bxc6 11. f5 Qd6 12. Qf3 e5 13. fxe6 Qxe6+ 14. Be2
Rb8 15. O-O Bd6 16. Re1 O-O 17. c3 Rfe8 18. Rb1 Qe5 19. Qh3 Qe6 20. Qf3 Nd7 21.
Bd2 Ne5 22. Qg2 Qf5 23. d4 Nd3 24. Bh6 g6 25. Bxd3 Qxd3 26. Rbd1 Qf5 27. h3 f6
28. Bc1 Kf7 29. Qg4 Qxg4+ 30. hxg4 h5 31. gxh5 gxh5 32. Kg2 Rxe1 33. Rxe1 Kg6
34. Rh1 Rh8 35. Rh4 Kf5 36. Kf3 Rh7 37. Bd2 c5 38. Be3 c4 39. Bd2 c6 40. Be3
Kg6 41. b4 cxb3 42. axb3 a5 43. Rh1 Rb7 44. Rb1 Kf5 45. Bd2 h4 46. b4 axb4 47.
cxb4 h3 48. Rc1 Rg7 0-1

[Event "SR 3. liga A2 2013/2014"]
[Site "?"]
[Date "2013.12.15"]
[Round "5.3"]
[White "Kavon, Rastislav"]
[Black "Lukacovic, Miroslav"]
[Result "0-1"]
[WhiteElo "2026"]
[BlackElo "2003"]
[PlyCount "116"]
[EventDate "2013.??.??"]

1. e4 e6 2. d4 d5 3. Nd2 Nf6 4. e5 Nfd7 5. Bd3 c5 6. c3 Nc6 7. Ne2 Be7 8. O-O
Qb6 9. Nf3 f6 10. exf6 Nxf6 11. Re1 O-O 12. Nf4 cxd4 13. cxd4 Nb4 14. Bb1 Bd6
15. Ne5 Nc6 16. Nxc6 Qxc6 17. g3 Bxf4 18. Bxf4 Bd7 19. Be5 Qb6 20. Qd2 Rac8 21.
Bxf6 Rxf6 22. Bd3 g6 23. Be2 e5 24. f3 Qxd4+ 25. Qxd4 exd4 26. Rad1 Rc2 27.
Rxd4 Rxb2 28. Rxd5 Bc6 29. Rd3 Rxa2 30. Re3 Kf8 31. Rd1 Rb2 32. f4 Rf7 33. Rd8+
Kg7 34. Bc4 Rc7 35. Rg8+ Kh6 36. Bf1 Bd5 37. Rd8 Bf7 38. Rf8 Kg7 39. Ra8 b5 40.
Rb8 b4 41. Rb5 b3 42. Re1 Ra2 43. Bd3 a5 44. f5 a4 45. Rf1 gxf5 46. Bxf5 b2 47.
Bb1 Bc4 48. Rg5+ Kh6 49. Rff5 Rf7 50. Rc5 Ra1 51. Rh5+ Kg7 52. Rxh7+ Kf8 53.
Rh8+ Ke7 54. Rxc4 Rxb1+ 55. Kg2 Rc1 56. Re4+ Kf6 57. Rxa4 b1=Q 58. Rhh4 Rg1+
0-1

[Event "SR 3. liga A2 2013/2014"]
[Site "?"]
[Date "2013.12.15"]
[Round "5.3"]
[White "Bahna, Jan"]
[Black "Kucharek, Jaroslav"]
[Result "1/2-1/2"]
[WhiteElo "1951"]
[BlackElo "2074"]
[PlyCount "106"]
[EventDate "2013.??.??"]

1. e4 e5 2. Nf3 Nc6 3. Bb5 a6 4. Ba4 Nf6 5. O-O Be7 6. Re1 b5 7. Bb3 d6 8. c3
O-O 9. h3 Nb8 10. d4 Nbd7 11. Nbd2 Bb7 12. Bc2 Re8 13. Nf1 Bf8 14. Ng3 g6 15.
Bd2 c5 16. d5 Nb6 17. b3 Qc7 18. Qc1 Bg7 19. Bh6 Bh8 20. Nh4 Nfd7 21. Re3 f6
22. Rf3 Kf7 23. Qd2 Rg8 24. Rf1 Nf8 25. Bxf8 Raxf8 26. Qh6 Ke8 27. Re3 Qg7 28.
Qxg7 Bxg7 29. Ne2 Kd8 30. g4 Bh6 31. Rg3 Kc7 32. Nf3 Bc8 33. h4 Bf4 34. Nxf4
exf4 35. Rg2 f5 36. gxf5 gxf5 37. Rxg8 Rxg8+ 38. Kh2 fxe4 39. Bxe4 h6 40. Rg1
Rxg1 41. Nxg1 Bb7 42. Ne2 Nxd5 43. Bxd5 Bxd5 44. Nxf4 Bf7 45. Kg3 Kd7 46. Kg4
Ke7 47. Kf5 a5 48. h5 c4 49. bxc4 Bxc4 50. a3 Kf7 51. f3 a4 52. Ng2 Bd3+ 53.
Kf4 Ke6 1/2-1/2

[Event "SR 3. liga A2 2013/2014"]
[Site "?"]
[Date "2013.12.15"]
[Round "5.3"]
[White "Mackovic, Matus"]
[Black "Krist, Milan"]
[Result "1-0"]
[WhiteElo "1913"]
[BlackElo "1946"]
[PlyCount "65"]
[EventDate "2013.??.??"]

1. e4 e6 2. d4 d5 3. Nd2 Nf6 4. e5 Nfd7 5. f4 c5 6. Ndf3 cxd4 7. Nxd4 Nc6 8.
Ngf3 Bc5 9. c3 O-O 10. Bd3 h6 11. O-O Bxd4+ 12. Nxd4 Nxd4 13. cxd4 f5 14. Be3
Nb6 15. Rc1 Bd7 16. b3 Rc8 17. Qf3 Qe7 18. g4 Rxc1 19. Rxc1 Rc8 20. Rc5 Qh4 21.
gxf5 Qe1+ 22. Kg2 Rxc5 23. dxc5 d4 24. Bf2 Qd2 25. cxb6 Bc6 26. Be4 axb6 27.
Bxc6 bxc6 28. Qxc6 exf5 29. Qd5+ Kf8 30. Qxd4 Qxa2 31. Qd8+ Kf7 32. Qd5+ Kf8
33. e6 1-0

[Event "SR 3. liga A2 2013/2014"]
[Site "?"]
[Date "2013.12.15"]
[Round "5.3"]
[White "Bukovsky, Milan"]
[Black "Jakubec, Milan"]
[Result "0-1"]
[WhiteElo "1930"]
[BlackElo "2084"]
[PlyCount "120"]
[EventDate "2013.??.??"]

1. d4 d5 2. c4 e6 3. Nc3 Nf6 4. Bg5 Nbd7 5. e3 c6 6. cxd5 exd5 7. Bd3 h6 8. Bh4
Be7 9. Nf3 O-O 10. O-O Re8 11. Qc2 Nf8 12. Ne5 g5 13. Bg3 Nh5 14. Rae1 Bd6 15.
Nf3 Nxg3 16. hxg3 Bg4 17. Bf5 Bh5 18. Na4 Qe7 19. Nc5 Bg6 20. Bxg6 Nxg6 21. Re2
Bxc5 22. Qxc5 Qxc5 23. dxc5 Re4 24. Nd4 Kh7 25. Rc1 Rae8 26. Rd2 Ne5 27. b3 Kg6
28. Nc2 Nd7 29. f3 R4e7 30. b4 f5 31. Kf2 Ne5 32. Na3 a6 33. Rc3 Kf6 34. Rd4 h5
35. Nc2 Nc4 36. a4 Kg6 37. b5 axb5 38. axb5 Ra8 39. bxc6 bxc6 40. Nb4 Re6 41.
e4 fxe4 42. fxe4 Rf6+ 43. Rf3 Re6 44. exd5 cxd5 45. Rxd5 Ne5 46. Rd6 Rxd6 47.
cxd6 Nxf3 48. Nc6 Nd4 49. Nxd4 Rd8 50. Nb5 Kf6 51. Kf3 Ke5 52. Ke3 Rb8 53. Nc3
g4 54. d7 Rd8 55. Ne4 Rxd7 56. Nc5 Ra7 57. Nd3+ Kf5 58. Nf4 h4 59. Ne2 h3 60.
gxh3 gxh3 0-1

[Event "SR 3. liga A2 2013/2014"]
[Site "?"]
[Date "2013.12.15"]
[Round "5.3"]
[White "Kozinka, Roman"]
[Black "Mosny, Jaroslav"]
[Result "0-1"]
[WhiteElo "2010"]
[BlackElo "1916"]
[PlyCount "48"]
[EventDate "2013.??.??"]

1. c4 Nf6 2. Nc3 e5 3. g3 Bc5 4. Bg2 O-O 5. Nf3 Nc6 6. a3 a5 7. O-O d6 8. d3
Bg4 9. Bg5 h6 10. Bxf6 Qxf6 11. Nd2 Nd4 12. Nde4 Qd8 13. Rb1 c6 14. h3 Bh5 15.
b4 axb4 16. axb4 Bb6 17. c5 Bc7 18. cxd6 Bxd6 19. g4 Bg6 20. Nc5 Qe7 21. N3a4
f5 22. gxf5 Rxf5 23. e3 Bh5 24. f3 Ne6 {time} 0-1

[Event "SR 3. liga A2 2013/2014"]
[Site "?"]
[Date "2013.12.15"]
[Round "5.3"]
[White "Puskas, Miroslav"]
[Black "Hirmajer, Jan"]
[Result "1/2-1/2"]
[WhiteElo "1886"]
[BlackElo "1957"]
[PlyCount "114"]
[EventDate "2013.??.??"]

1. e4 c5 2. Nf3 Nc6 3. d4 cxd4 4. Nxd4 g6 5. Bc4 Bg7 6. Nxc6 bxc6 7. Qf3 e6 8.
O-O Ne7 9. Nc3 d5 10. Bb3 O-O 11. Bg5 f6 12. Bh4 Qd7 13. Rad1 Bb7 14. exd5 cxd5
15. Qe2 Rfe8 16. Ne4 Qc6 17. Nxf6+ Bxf6 18. Bxf6 Ba6 19. c4 Bxc4 20. Bxc4 dxc4
21. Rc1 Nd5 22. Be5 Rac8 23. Qd2 Qb7 24. Rfe1 Nb4 25. Ra1 Nd3 26. Re2 Nxe5 27.
Rxe5 Rb8 28. Re2 Rbd8 29. Qc3 Qd5 30. Rae1 Qd3 31. g3 Qxc3 32. bxc3 Rd3 33. Re3
Kf7 34. Kf1 e5 35. f3 Red8 36. Kf2 Kf6 37. R1e2 R8d5 38. Rxd3 Rxd3 39. Re3 Rd2+
40. Re2 Rd1 41. Re1 Rd7 42. Re4 Rd2+ 43. Re2 Rd5 44. h4 h5 45. Re4 Rc5 46. Ke3
Kf5 47. g4+ hxg4 48. Rxg4 Ra5 49. Rxc4 Rxa2 50. Rg4 a5 51. Rg5+ Kf6 52. f4
exf4+ 53. Kxf4 a4 54. Ra5 a3 55. Ke3 Ra1 56. Kd3 a2 57. Kc2 Rh1 1/2-1/2

[Event "SR 3. liga A2 2013/2014"]
[Site "?"]
[Date "2013.12.15"]
[Round "5.3"]
[White "Mackovic, Miroslav"]
[Black "Hagara, Vladimir"]
[Result "1/2-1/2"]
[WhiteElo "1936"]
[BlackElo "1873"]
[PlyCount "129"]
[EventDate "2013.??.??"]

1. e4 c5 2. Nf3 d6 3. d4 cxd4 4. Nxd4 Nf6 5. Nc3 a6 6. Be2 e5 7. Nb3 Be6 8. Bg5
Nbd7 9. O-O Be7 10. Qd2 Qc7 11. Rfd1 Rd8 12. Bxf6 Nxf6 13. Bf3 O-O 14. Qe1 Nd7
15. Nd2 Nf6 16. Nf1 Rfe8 17. Ne3 g6 18. g4 g5 19. Qe2 Kg7 20. Ned5 Bxd5 21.
Nxd5 Nxd5 22. Rxd5 Rc8 23. c3 Qc4 24. Qe3 f6 25. Be2 Qc7 26. c4 a5 27. b3 b6
28. Kg2 Rb8 29. Rh1 Rh8 30. h4 h6 31. Rh3 Qc8 32. Qg3 Qe6 33. Rd1 Rbg8 34. c5
Rf8 35. c6 Qc8 36. Bb5 Qe6 37. Bc4 Qc8 38. Bd5 Bd8 39. h5 Bc7 40. Qf3 Re8 41.
Kg3 Rhf8 42. Rhh1 Re7 43. Rb1 Kh8 44. Qd3 Kg7 45. a3 Rd8 46. Rb2 Bb8 47. Qb5
Qc7 48. Rhb1 Qa7 49. Qe2 Qc7 50. Ra2 Ba7 51. b4 axb4 52. Rxb4 Qc8 53. Rab2 Rc7
54. R2b3 Re8 55. a4 Ree7 56. f3 Kh7 57. Rc3 Kg7 58. Kg2 Kh7 59. Kf1 Kg7 60. Ke1
Kh7 61. Kd1 Kg7 62. Kc2 Kf8 63. Kb3 Kg7 64. Ka2 Kh7 65. Qc2 1/2-1/2

[Event "SR 3. liga A2 2013/2014"]
[Site "?"]
[Date "2013.12.15"]
[Round "5.4"]
[White "Horak, Ivan"]
[Black "Veselsky, Jozef"]
[Result "1/2-1/2"]
[WhiteElo "2070"]
[BlackElo "2160"]
[PlyCount "84"]
[EventDate "2013.??.??"]

1. e4 c5 2. Nc3 Nc6 3. f4 g6 4. Nf3 Bg7 5. Bb5 Nh6 6. Bxc6 bxc6 7. d3 d5 8. e5
O-O 9. O-O Rb8 10. Qe1 Nf5 11. Na4 Rb5 12. c4 dxc4 13. dxc4 Rb4 14. b3 Rxa4 15.
bxa4 Be6 16. Qc3 Nd4 17. Rf2 f6 18. Bb2 fxe5 19. Nxe5 Rxf4 20. Re1 Rxf2 21.
Kxf2 Qd6 22. Nf3 Nf5 23. Qd2 Nd4 24. Bxd4 Bxd4+ 25. Nxd4 cxd4 26. c5 Qxc5 27.
Qe2 d3+ 28. Qe3 Qc2+ 29. Kg1 Bd5 30. Qf2 d2 31. Rf1 Qf5 32. Qxd2 Qc8 33. Qe3
Qb7 34. a3 Bc4 35. Rc1 Bd5 36. h3 Qb2 37. Qg5 Qxa3 38. Re1 Qc5+ 39. Kh2 Qd6+
40. Kg1 Qc5+ 41. Kh2 Qd6+ 42. Kg1 Qc5+ 1/2-1/2

[Event "SR 3. liga A2 2013/2014"]
[Site "?"]
[Date "2013.12.15"]
[Round "5.4"]
[White "Pribila, Gerhard"]
[Black "Sefcik, Marek"]
[Result "1/2-1/2"]
[WhiteElo "2076"]
[BlackElo "2030"]
[PlyCount "56"]
[EventDate "2013.??.??"]

1. e4 e6 2. d4 b6 3. Nf3 Bb7 4. Bd3 d5 5. e5 c5 6. c3 Nc6 7. a3 Qd7 8. O-O a5
9. b3 Ba6 10. Bxa6 Rxa6 11. Qe2 Ra8 12. Rd1 Nge7 13. Nbd2 cxd4 14. cxd4 Nf5 15.
Nf1 g6 16. Bg5 Be7 17. Bxe7 Nfxe7 18. Ne3 h5 19. Rac1 Qb7 20. Rd3 Rc8 21. Rdc3
Na7 22. Rxc8+ Naxc8 23. Qb5+ Kf8 24. Qd3 Kg7 25. Rc3 Na7 26. a4 Rc8 27. Nc2
Rxc3 28. Qxc3 Qc8 1/2-1/2

[Event "SR 3. liga A2 2013/2014"]
[Site "?"]
[Date "2013.12.15"]
[Round "5.4"]
[White "Chabada, Tomas"]
[Black "Ambros, Rafael"]
[Result "0-1"]
[WhiteElo "1972"]
[BlackElo "2009"]
[PlyCount "107"]
[EventDate "2013.??.??"]

1. e4 c5 2. Nf3 Nc6 3. c3 Nf6 4. e5 Nd5 5. d4 cxd4 6. cxd4 d6 7. Bc4 Nb6 8.
Bxf7+ Kxf7 9. Ng5+ Kg8 10. e6 Qe8 11. Nc3 Nd8 12. d5 h6 13. Nge4 Nxe6 14. dxe6
Bxe6 15. O-O Qc6 16. Re1 Bf7 17. Ng3 g6 18. h4 d5 19. h5 gxh5 20. Nxh5 Qg6 21.
Nf4 Qf5 22. Nb5 e5 23. Nd3 e4 24. Nf4 a6 25. Nd4 Qd7 26. Re3 Nc4 27. Rg3+ Kh7
28. Nh5 Qe7 29. Bf4 Qh4 30. Rh3 Bxh5 31. Rxh4 Bxd1 32. Rxd1 Kg6 33. b3 Nb2 34.
Rc1 h5 35. Rc7 Bg7 36. Ne6 Bf6 37. Rh3 Kf5 38. Nc5 Kxf4 39. Nxb7 Nd3 40. Nd6
Raf8 41. g3+ Kg4 42. Rh1 Nxf2 43. Rh2 Nh3+ 44. Kg2 Bd4 45. Nf7 Rh7 46. Rxh3
Rhxf7 47. Rh4+ Kg5 48. Rc6 Rf2+ 49. Kh3 Rxa2 50. Rd6 Rf5 51. Rd8 Kg6 52. Rd6+
Bf6 53. Rf4 Rxf4 54. gxf4 0-1

[Event "SR 3. liga A2 2013/2014"]
[Site "?"]
[Date "2013.12.15"]
[Round "5.4"]
[White "Pribila, Michal"]
[Black "Kovarik, Oto"]
[Result "1-0"]
[WhiteElo "2081"]
[BlackElo "1925"]
[PlyCount "88"]
[EventDate "2013.??.??"]

1. e4 c5 2. c3 e6 3. d4 Qc7 4. Nf3 d6 5. Na3 a6 6. Bf4 Nf6 7. Bd3 Be7 8. dxc5
Qxc5 9. O-O O-O 10. Qe2 b5 11. Nc2 Bb7 12. a4 bxa4 13. Rxa4 Qb6 14. Rfa1 d5 15.
exd5 Nxd5 16. Bc1 Bf6 17. Nb4 a5 18. Nxd5 Bxd5 19. Nd2 Nd7 20. Ne4 Be7 21. Bc2
g6 22. h4 Bc6 23. Rd4 e5 24. Rd1 Bxh4 25. Bh6 Rfe8 26. Be3 Qb7 27. Nd6 Qxb2 28.
Nxe8 Rxe8 29. Qc4 Bb5 30. Qxh4 Qxc2 31. c4 Bc6 32. Rdc1 Qf5 33. Rxa5 Qe6 34.
Ra6 f5 35. f3 Rc8 36. Qe1 Qe7 37. c5 Nf6 38. Bg5 Kg7 39. Qd2 Rd8 40. Qa5 Qd7
41. Ra7 Bb7 42. Rxb7 Qxb7 43. Bxf6+ Kxf6 44. Qxd8+ Kg7 1-0

[Event "SR 3. liga A2 2013/2014"]
[Site "?"]
[Date "2013.12.15"]
[Round "5.4"]
[White "Bilovsky, Milan"]
[Black "Kocak, Branislav"]
[Result "1/2-1/2"]
[WhiteElo "1912"]
[BlackElo "1912"]
[PlyCount "40"]
[EventDate "2013.??.??"]

1. e4 c5 2. c3 d5 3. exd5 Qxd5 4. d4 Nf6 5. Be3 cxd4 6. cxd4 e6 7. Nc3 Qd8 8.
Nf3 a6 9. h3 Be7 10. Rc1 Nc6 11. a3 Nd5 12. Nxd5 exd5 13. Ne5 Bd7 14. Bd3 Nxe5
15. dxe5 Bc6 16. Bd4 Bg5 17. Rc3 O-O 18. O-O f5 19. f4 Be7 20. b4 g6 1/2-1/2

[Event "SR 3. liga A2 2013/2014"]
[Site "?"]
[Date "2013.12.15"]
[Round "5.4"]
[White "Jozefovic, Milan"]
[Black "Husek, Lubomir"]
[Result "1/2-1/2"]
[WhiteElo "1900"]
[BlackElo "1829"]
[PlyCount "68"]
[EventDate "2013.??.??"]

1. e4 c5 2. Bc4 Nc6 3. Nf3 e6 4. Nc3 a6 5. a4 d6 6. d4 cxd4 7. Nxd4 Be7 8. O-O
Nf6 9. Bg5 O-O 10. Nxc6 bxc6 11. Bd3 e5 12. b3 Bg4 13. Qe1 h6 14. Bh4 Nh5 15.
Bxe7 Qxe7 16. f3 Be6 17. Ne2 Qg5 18. Qf2 a5 19. f4 Nxf4 20. Nxf4 exf4 21. Qxf4
Qc5+ 22. Rf2 Qd4 23. Raf1 Bxb3 24. cxb3 Qxd3 25. Rd2 Qxb3 26. Rxd6 Qxa4 27. Qg4
Kh8 28. Qf5 Qb5 29. e5 a4 30. Rf3 a3 31. Rxh6+ gxh6 32. Qf6+ Kh7 33. Qf5+ Kh8
34. Qf6+ Kh7 1/2-1/2

[Event "SR 3. liga A2 2013/2014"]
[Site "?"]
[Date "2013.12.15"]
[Round "5.4"]
[White "Hrubos, Milan"]
[Black "Brunovsky, Peter"]
[Result "0-1"]
[WhiteElo "1772"]
[BlackElo "1829"]
[PlyCount "92"]
[EventDate "2013.??.??"]

1. e4 c6 2. d4 d5 3. Nc3 dxe4 4. Nxe4 Nf6 5. Nxf6+ gxf6 6. Bf4 Bf5 7. Nf3 e6 8.
Bd3 Bg6 9. Bxg6 hxg6 10. Qd3 Bd6 11. Bxd6 Qxd6 12. O-O-O Nd7 13. h3 O-O-O 14.
Rhe1 Kb8 15. c4 Rh5 16. Qc3 a6 17. Kb1 Ka8 18. Nd2 Qc7 19. g4 Rh7 20. Ne4 Rdh8
21. Rh1 Qf4 22. Rde1 f5 23. gxf5 gxf5 24. Nc5 Nxc5 25. dxc5 Qxf2 26. Qe3 Qxe3
27. Rxe3 Rh4 28. b3 f4 29. Rd3 e5 30. Rd7 Rxh3 31. Rxh3 Rxh3 32. Rxf7 Rh2 33.
Rf5 Re2 34. b4 Re3 35. Kc2 f3 36. a4 e4 37. b5 axb5 38. axb5 cxb5 39. cxb5 Re2+
40. Kd1 Ka7 41. Rf7 Rb2 42. c6 Rxb5 43. cxb7 Rxb7 44. Rf4 Rb4 45. Ke1 Kb6 46.
Rf5 Rb2 0-1

[Event "SR 3. liga A2 2013/2014"]
[Site "?"]
[Date "2013.12.15"]
[Round "5.4"]
[White "Valla, Tomas"]
[Black "Benak, Peter"]
[Result "1-0"]
[WhiteElo "1814"]
[BlackElo "1601"]
[PlyCount "45"]
[EventDate "2013.??.??"]

1. e4 Nf6 2. e5 Nd5 3. d4 d6 4. f4 dxe5 5. fxe5 Nc6 6. Nf3 Bg4 7. Be2 e6 8. O-O
Be7 9. c4 Nb6 10. Be3 O-O 11. Nc3 Bxf3 12. Rxf3 Bg5 13. Bf2 a6 14. Ne4 Be7 15.
a3 Nd7 16. Rh3 f6 17. exf6 Nxf6 18. Qd3 Nxe4 19. Qxe4 g6 20. Qxe6+ Rf7 21. d5
Na5 22. b4 Nb3 23. Rxb3 1-0

[Event "SR 3. liga A2 2013/2014"]
[Site "?"]
[Date "2013.12.15"]
[Round "5.5"]
[White "Sosna, Jan"]
[Black "Liptak, Tomas"]
[Result "1-0"]
[WhiteElo "2367"]
[BlackElo "2108"]
[PlyCount "63"]
[EventDate "2013.??.??"]

1. d4 Nf6 2. Nf3 g6 3. Bg5 Bg7 4. Nbd2 d5 5. e3 O-O 6. c3 Nbd7 7. Be2 Re8 8.
O-O e5 9. h3 h6 10. Bh4 e4 11. Nh2 Bf8 12. c4 g5 13. Bg3 Bd6 14. Qb3 dxc4 15.
Bxc4 Qe7 16. Bxd6 cxd6 17. Rfc1 Nb6 18. Bb5 Be6 19. Qa3 Red8 20. Nhf1 a6 21.
Be2 Nbd5 22. Ng3 Bd7 23. Rc2 Rac8 24. Rac1 Rxc2 25. Rxc2 Rc8 26. Rxc8+ Bxc8 27.
Nc4 {=} Ne8 28. Qa5 Nec7 29. Bg4 Bxg4 30. hxg4 Qe6 31. Nf5 Ne8 32. Qxd5 1-0

[Event "SR 3. liga A2 2013/2014"]
[Site "?"]
[Date "2013.12.15"]
[Round "5.5"]
[White "Liptak, Dusan"]
[Black "Sebesta, Radovan"]
[Result "1/2-1/2"]
[WhiteElo "2108"]
[BlackElo "2035"]
[PlyCount "53"]
[EventDate "2013.??.??"]

1. d4 Nf6 2. c4 e6 3. Nf3 b6 4. a3 Bb7 5. Nc3 d5 6. cxd5 Nxd5 7. Qc2 Nxc3 8.
bxc3 Be7 9. Bf4 O-O 10. e3 Nd7 11. Bd3 Nf6 12. e4 h6 13. h4 c5 14. Qe2 cxd4 15.
cxd4 Rc8 16. Bd2 Qc7 17. Rh3 Rfd8 18. h5 Qc6 19. Rc1 Qa4 20. e5 Nh7 21. Rxc8
Rxc8 22. Bb1 Bxf3 23. Rxf3 Ng5 24. Bxg5 Bxg5 25. Qd3 Rc1+ 26. Ke2 Qc4 27. g4
1/2-1/2

[Event "SR 3. liga A2 2013/2014"]
[Site "?"]
[Date "2013.12.15"]
[Round "5.5"]
[White "Gasa, Patrik"]
[Black "Kovacocy, Pavel"]
[Result "0-1"]
[WhiteElo "1956"]
[BlackElo "2198"]
[PlyCount "194"]
[EventDate "2013.??.??"]

1. d4 g6 2. e4 Bg7 3. Nc3 d6 4. Be3 a6 5. Qd2 Nd7 6. Bc4 e6 7. h4 Ngf6 8. Nf3
h6 9. Bb3 b5 10. a3 Bb7 11. d5 e5 12. Nh2 Nc5 13. f3 Bc8 14. Ba2 Bd7 15. Ne2 a5
16. b4 axb4 17. axb4 Na4 18. c4 bxc4 19. Bxc4 Nb6 20. Rxa8 Qxa8 21. Bd3 Qa1+
22. Qc1 Qxc1+ 23. Nxc1 Ke7 24. Nb3 Na4 25. Ke2 Nc3+ 26. Kd2 Na2 27. b5 Rb8 28.
Na5 Nb4 29. Be2 Bxb5 30. Rb1 Bxe2 31. Kxe2 Ra8 32. Nc4 Ra2+ 33. Kf1 Nc2 34. Bf2
Ra4 35. Ne3 Nd4 36. Rb7 Kd7 37. g4 Ra1+ 38. Kg2 h5 39. g5 Ne8 40. Nc4 Kc8 41.
Rb2 Ra4 42. Ne3 f6 43. Nhf1 Bf8 44. Nc2 Ne2 45. Be3 Nf4+ 46. Kg3 fxg5 47. hxg5
Ne2+ 48. Kf2 Nc3 49. Ke1 Ng7 50. Rb3 Na2 51. Nd2 h4 52. Nb1 Nh5 53. Nba3 Nf4
54. Kf2 Be7 55. Bxf4 exf4 56. Rb1 h3 57. Rh1 Nb4 58. Ke2 c6 59. dxc6 Nxc6 60.
Rxh3 Bxg5 61. Nb5 Ra2 62. Kd3 Kd7 63. Rh7+ Be7 64. Rh3 Bf6 65. Rh7+ Be7 66. Rh3
Rb2 67. Nbd4 Ne5+ 68. Kc3 Rb1 69. Nb4 Rd1 70. Ne2 g5 71. Nd4 d5 72. Rh7 dxe4
73. fxe4 Ke8 74. Nd5 Bd6 75. Nf6+ Kd8 76. Ne6+ Kc8 77. Nxg5 f3 78. Rh8+ Kb7 79.
Rh7+ Kc6 80. Rh2 Nd3 81. Nxf3 Bxh2 82. Nxh2 Ne5 83. Nhg4 Ng6 84. Kc2 Rg1 85.
Kd3 Kc5 86. Ke3 Re1+ 87. Kf2 Ra1 88. e5 Ra3 89. Ne4+ Kd5 90. Nd2 Ra4 91. Kf3
Nh4+ 92. Kg3 Nf5+ 93. Kf3 Nd4+ 94. Kg3 Ra2 95. Nb1 Ke6 96. Kf4 Nb5 97. Ne3 Rb2
0-1

[Event "SR 3. liga A2 2013/2014"]
[Site "?"]
[Date "2013.12.15"]
[Round "5.5"]
[White "Cechovic, Stefan"]
[Black "Lanik, Miroslav"]
[Result "1-0"]
[WhiteElo "2140"]
[BlackElo "1925"]
[PlyCount "101"]
[EventDate "2013.??.??"]

1. Nf3 d5 2. g3 Nf6 3. Bg2 e6 4. d4 Be7 5. O-O O-O 6. c4 dxc4 7. Qa4 a6 8. Qxc4
b5 9. Qc2 Bb7 10. Bg5 Nbd7 11. Nbd2 Rc8 12. Nb3 c5 13. Bxf6 gxf6 14. Ng5 fxg5
15. Bxb7 Rb8 16. Bg2 c4 17. Nd2 Nb6 18. e3 Nd5 19. Be4 f5 20. Bg2 Nf6 21. Nf3
g4 22. Ne5 Qc7 23. b3 Bd6 24. bxc4 Bxe5 25. dxe5 Qxe5 26. cxb5 Rxb5 27. Rfd1
Nd5 28. Qc6 Rb6 29. Qc4 Rd6 30. Bxd5 exd5 31. Qd4 Qxd4 32. Rxd4 Kf7 33. Rc1 Re8
34. Kg2 Re7 35. h3 h5 36. Rc5 Ke6 37. Rc8 Kf6 38. Rf4 Re5 39. Rg8 Rd7 40. hxg4
hxg4 41. Rgxg4 Rc7 42. Rh4 Kg6 43. Ra4 Rc6 44. Ra5 Rd6 45. Rha4 Ree6 46. Rd4
Re5 47. Kf3 Kg5 48. Ke2 Kg6 49. f4 Re4 50. Raxd5 Rde6 51. Rxe4 1-0

[Event "SR 3. liga A2 2013/2014"]
[Site "?"]
[Date "2013.12.15"]
[Round "5.5"]
[White "Palka, Martin"]
[Black "Sarmir, Milos"]
[Result "0-1"]
[WhiteElo "1881"]
[BlackElo "2075"]
[PlyCount "66"]
[EventDate "2013.??.??"]

1. c4 Nf6 2. Nf3 c6 3. g3 g6 4. Bg2 Bg7 5. O-O O-O 6. Nc3 d5 7. cxd5 cxd5 8. d4
Nc6 9. a3 b6 10. Ne5 Bb7 11. Nxc6 Bxc6 12. Qb3 Qd7 13. Bg5 Rad8 14. Bxf6 Bxf6
15. Rfd1 e6 16. a4 Be7 17. a5 Rb8 18. axb6 Rxb6 19. Qa2 Rb7 20. e4 dxe4 21.
Nxe4 Bd5 22. Qa6 Rc8 23. Qe2 Qc6 24. Rdc1 Qxc1+ 25. Rxc1 Rxc1+ 26. Bf1 Bc4 27.
Qd2 Rxf1+ 28. Kg2 Rb1 29. Nc5 Bd5+ 30. Kh3 R7xb2 31. Qf4 Rh1 32. Nd3 Rbb1 33.
Ne5 Rxh2+ 0-1

[Event "SR 3. liga A2 2013/2014"]
[Site "?"]
[Date "2013.12.15"]
[Round "5.5"]
[White "Markuliak, Mario"]
[Black "Palka, Miroslav"]
[Result "0-1"]
[WhiteElo "1819"]
[BlackElo "1924"]
[PlyCount "144"]
[EventDate "2013.??.??"]

1. c4 c5 2. Nf3 g6 3. g3 Bg7 4. Bg2 Nc6 5. Nc3 Nf6 6. O-O O-O 7. d4 cxd4 8.
Nxd4 Nxd4 9. Qxd4 d6 10. e4 Be6 11. Qd3 Rc8 12. b3 Nd7 13. Rb1 a6 14. Be3 b5
15. Nd5 bxc4 16. bxc4 Ne5 17. Qe2 Nxc4 18. Rb7 Bxd5 19. exd5 Nxe3 20. Qxe3 Rc7
21. Rfb1 Qd7 22. Qa7 Rxb7 23. Rxb7 Qa4 24. Bf1 Qxa2 25. Qxa6 Qxa6 26. Bxa6 Ra8
27. Bb5 Kf8 28. Kg2 Bd4 29. Be2 Ra5 30. Rb5 Ra2 31. Kf3 Bc5 32. Rb3 Kg7 33. g4
Kf6 34. h4 h6 35. Rb1 Ke5 36. Rd1 Ra4 37. Kg3 f5 38. f3 f4+ 39. Kg2 Bd4 40. Bd3
g5 41. hxg5 Ra2+ 42. Kh3 hxg5 43. Re1+ Be3 44. Bc4 Rc2 45. Bd3 Rd2 46. Bc4 Rf2
47. Rf1 Rxf1 48. Bxf1 Kxd5 49. Kg2 Kd4 50. Bb5 d5 51. Kf1 e5 52. Ke2 e4 53. Ba6
Bc1 54. Bb7 Ba3 55. Bc6 Bc5 56. Bb7 Bb4 57. Bc6 exf3+ 58. Kxf3 Kc4 59. Ke2 d4
60. Be4 Kc3 61. Bf5 Bc5 62. Be4 Bb6 63. Bf5 d3+ 64. Kd1 Kd4 65. Kd2 Ba5+ 66.
Kd1 Ke3 67. Bd7 f3 68. Bc6 Kf4 69. Bb5 Ke3 70. Bc6 Kf2 71. Be4 d2 72. Bd3 Kg1
0-1

[Event "SR 3. liga A2 2013/2014"]
[Site "?"]
[Date "2013.12.15"]
[Round "5.5"]
[White "Havlicek, Peter"]
[Black "Vlkovic, Pavol"]
[Result "1-0"]
[WhiteElo "1851"]
[BlackElo "1819"]
[PlyCount "113"]
[EventDate "2013.??.??"]

1. e4 Nf6 2. e5 Nd5 3. d4 d6 4. Nf3 dxe5 5. Nxe5 c6 6. c4 Nb4 7. a3 Qxd4 8.
Nxf7 Qe4+ 9. Qe2 Nc2+ 10. Kd1 Qxe2+ 11. Bxe2 Nxa1 12. Nxh8 Bf5 13. Nc3 g6 14.
g4 Be6 15. Ne4 Bg7 16. Ng5 Bg8 17. Nxg6 hxg6 18. h4 Na6 19. Rh3 Nc5 20. b4
O-O-O+ 21. Ke1 Ne6 22. Bd3 Nd4 23. Bxg6 Bxc4 24. f4 Ne2 25. Bd2 Nb3 26. Rxb3
Bxb3 27. Kxe2 Bb2 28. h5 Rg8 29. f5 Bf6 30. h6 Bc2 31. Ne6 Rxg6 32. fxg6 Bxg6
33. g5 Be5 34. Nf8 Bh5+ 35. Kd3 Kd8 36. Ke4 Bh8 37. Kf5 Ke8 38. Ne6 Kf7 39.
Nd8+ Ke8 40. Nxb7 Bb2 41. a4 Bd1 42. a5 Bc2+ 43. Kf4 e5+ 44. Kg4 Bg6 45. Nd6+
Kf8 46. Nf5 Kf7 47. a6 Bd4 48. Nxd4 exd4 49. Kf4 Ke6 50. Kf3 Kd5 51. Bf4 Kc4
52. Bb8 Kxb4 53. Bxa7 Kb5 54. Bxd4 Kxa6 55. Kf4 Kb5 56. Ke5 c5 57. Be3 1-0

[Event "SR 3. liga A2 2013/2014"]
[Site "?"]
[Date "2013.12.15"]
[Round "5.5"]
[White "Hornak, Pavol"]
[Black "Kubik, Peter"]
[Result "1-0"]
[WhiteElo "1750"]
[BlackElo "1771"]
[PlyCount "71"]
[EventDate "2013.??.??"]

1. d4 Nf6 2. c4 e5 3. d5 Bc5 4. Nc3 O-O 5. e4 d6 6. h3 Ne8 7. Bd3 f5 8. Nf3 f4
9. Na4 Nd7 10. a3 a5 11. Bd2 h6 12. b4 axb4 13. axb4 Bb6 14. Nxb6 Rxa1 15. Qxa1
Nxb6 16. O-O g5 17. Nh2 Nf6 18. c5 Nbd7 19. cxd6 cxd6 20. Rc1 h5 21. f3 g4 22.
hxg4 hxg4 23. fxg4 Nb6 24. g5 Nh7 25. g6 Ng5 26. Qc3 f3 27. Qc7 Qxc7 28. Rxc7
Nxe4 29. Bxe4 f2+ 30. Kf1 Bf5 31. Bxf5 Rxf5 32. Rxb7 Nxd5 33. Bh6 Ne3+ 34. Bxe3
Kf8 35. Bh6+ Ke8 36. g7 1-0